Welches Land ist das? - Statistiken

Allgemein
  • Dieses Quiz wurde 355 mal gespielt
  • Das Durchschnittsergebnis liegt bei 14 aus 15
Antworten auf der Karte
Die Antworten werden auf der Karte rot bzw. grün angezeigt, abhängig davon wie oft sie richtig erraten wurden.
 
Antwortstatistiken
Antwort % Korrekt
Griechenland
95%
Neuseeland
94%
Südkorea
94%
Dänemark
93%
Kuba
93%
Mexiko
93%
Bolivien
91%
Namibia
91%
Nordkorea
91%
Serbien
91%
Laos
90%
Somalia
90%
Mauretanien
89%
Bhutan
88%
Belize
86%
Keine übereinstimmenden Quizze gefunden
Verteilung der Resultate
Anzahl Personen mit jedem Resultat
Perzentil nach korrekt beantworteten Fragen
Ihre Resultats-Entwicklung
Sie haben dieses Quiz noch nicht gespielt